| 000 | 00509nam a22001697a 4500 | ||
|---|---|---|---|
| 999 |
_c129995 _d129995 |
||
| 008 | 191112b ||||| |||| 00| 0 eng d | ||
| 020 | _a0 340 34304 4 | ||
| 050 | _aHB171.B963 | ||
| 245 |
_aEconomics _c/ edited by David Burningham et al... |
||
| 260 |
_aKent: _bHodder and Stoughton _c1984. |
||
| 300 |
_ax, 398p. ; _c20cm. |
||
| 650 |
_aEconomics _948584 |
||
| 700 |
_aBennet, Paul _eed. _948585 |
||
| 700 |
_a Cave, Martin _948586 |
||
| 700 |
_a Herbet, David _eed. _948587 |
||
| 942 |
_2lcc _cMONOGRAPH |
||